[Event "Visma Chess GM"]
[Site "Vaxjo"]
[Date "2015.06.24"]
[Round "1"]
[White "Solodovnichenko, Yuri"]
[Black "Rusev, Krasimir"]
[Result "1-0"]
[WhiteElo "2587"]
[BlackElo "2541"]

1.e4 e6 2.d4 d5 3.Nc3 dxe4 4.Nxe4 Bd7 5.Nf3 Bc6 6.Bd3 Nd7 7.O-O Bxe4 8.
Bxe4 c6 9.Bf4 Ngf6 10.Bd3 Be7 11.Re1 O-O 12.c3 Re8 13.Qe2 Nf8 14.Rad1 Ng6 
15.Bc1 Qc7 16.g3 Rad8 17.h4 a6 18.Ng5 Nf8 19.Qf3 h6 20.Nh3 N8d7 21.g4 Nh7 
22.Bxh7+ Kxh7 23.Qxf7 Bxh4 24.Bxh6 1-0

[Event "Visma Chess GM"]
[Site "Vaxjo"]
[Date "2015.06.24"]
[Round "1"]
[White "Berg, Emanuel"]
[Black "Ochsner, Bjorn Moller"]
[Result "1-0"]
[WhiteElo "2558"]
[BlackElo "2413"]

1.e4 e5 2.Nf3 Nc6 3.Bb5 a6 4.Ba4 Nf6 5.O-O b5 6.Bb3 Bc5 7.c3 d6 8.a4 Rb8 
9.h3 O-O 10.d4 Bb6 11.Re1 Bb7 12.Bg5 h6 13.Bh4 g5 14.axb5 axb5 15.Nxg5 
hxg5 16.Bxg5 exd4 17.Bd5 Kg7 18.Bxc6 Bxc6 19.cxd4 Qd7 20.d5 Bb7 21.Bxf6+ 
Kxf6 22.Qf3+ Ke7 23.e5 Kd8 24.Nc3 dxe5 25.Rxe5 Bd4 26.Re4 Bxc3 27.bxc3 
Bxd5 28.Rd1 Bxe4 29.Qf6+ Kc8 30.Rxd7 Kxd7 31.Qd4+ Kc6 32.Qxe4+ Kb6 33.Qd4+
Kb7 34.h4 f5 35.h5 Rbe8 36.h6 f4 37.h7 c6 38.Kh2 Rd8 39.Qg7+ Kb6 40.g4 
fxg3+ 41.fxg3 c5 42.g4 b4 43.cxb4 cxb4 44.g5 b3 45.Qc3 Rh8 46.g6 Rb8 47.
Qxb3+ 1-0

[Event "Visma Chess GM"]
[Site "Vaxjo"]
[Date "2015.06.24"]
[Round "1"]
[White "Westerberg, Jonathan"]
[Black "Tari, Aryan"]
[Result "1/2-1/2"]
[WhiteElo "2443"]
[BlackElo "2521"]

1.e4 e5 2.Nf3 Nc6 3.Bc4 Nf6 4.d4 exd4 5.O-O Nxe4 6.Re1 d5 7.Bxd5 Qxd5 8.
Nc3 Qd8 9.Rxe4+ Be7 10.Nxd4 f5 11.Bh6 O-O 12.Nxc6 bxc6 13.Rd4 Qe8 14.Bf4 
Bf6 15.Rd2 Rb8 16.Bxc7 Rxb2 17.Qf3 Qf7 18.Bd6 Re8 19.Rad1 Qc4 20.Nb1 Rxc2 
21.Na3 Rc1 22.h3 Rxd1+ 23.Rxd1 Qe2 24.Qxe2 Rxe2 25.Nc4 Be6 26.Na5 Bd5 27.
a3 Rb2 28.Bb4 Kf7 29.Nb7 Bh4 30.Nd6+ Kg6 31.Bc5 a6 32.Ne8 Bd8 33.Re1 Rb5 
34.Bd4 Rb7 35.Bc5 Ba5 36.Rd1 Rb5 37.Bd6 Rb7 38.Bc5 Bc3 39.Nd6 Rb8 40.Rc1 
Be5 41.g3 f4 42.Nc4 Bc7 43.gxf4 Bxf4 44.Be3 Bc7 45.Kf1 Kf5 46.Ke2 Rb3 47.
h4 Bf4 48.Rc2 h5 49.Na5 Rxa3 50.Nxc6 Bxe3 51.Ne7+ Ke4 52.Nxd5 Bxf2 53.Kxf2
Kxd5 54.Rc7 Rh3 55.Rxg7 Kc4 56.Rg5 Rxh4 57.Ra5 Rf4+ 58.Ke3 Rf6 59.Rxh5 Rd6
60.Ke2 Kc3 61.Rc5+ Kb3 62.Ke1 Rd4 63.Ra5 Rd6 64.Rc5 Kb4 65.Rc1 a5 66.Rd1 
Rc6 67.Kd2 a4 68.Rc1 Rg6 69.Kc2 a3 70.Kb1 Kb3 71.Rf1 Rg3 72.Ka1 a2 73.Rf3+
Rxf3 1/2-1/2

[Event "Visma Chess GM"]
[Site "Vaxjo"]
[Date "2015.06.24"]
[Round "1"]
[White "Svane, Rasmus"]
[Black "Smith, Axel"]
[Result "1/2-1/2"]
[WhiteElo "2519"]
[BlackElo "2452"]

1.d4 d5 2.c4 c6 3.Nc3 Nf6 4.e3 Bf5 5.Nf3 e6 6.Nh4 Bg6 7.Be2 Nbd7 8.O-O a6 
9.Bd2 dxc4 10.Bxc4 b5 11.Be2 c5 12.Bf3 Rb8 13.d5 exd5 14.Nxg6 hxg6 15.Nxd5
Ne5 16.Nxf6+ Qxf6 17.Bc3 Nxf3+ 18.Qxf3 Qxf3 19.gxf3 Bd6 20.Bxg7 Rh7 21.
Rfd1 Bxh2+ 22.Kg2 Rxg7 23.Kxh2 Rd8 24.Kg3 f6 25.Rxd8+ Kxd8 26.Rc1 Rc7 27.
f4 Ke7 28.Kf3 f5 29.Ke2 c4 30.Kd2 Ke6 31.Rg1 Kf6 32.Kc3 Rd7 33.Rh1 a5 34.
Rh8 b4+ 35.Kxc4 Rd2 36.Rf8+ Kg7 37.Ra8 Rxf2 38.a4 Rxb2 39.Rxa5 Re2 40.Re5 
Rb2 41.Rb5 Re2 42.Kd3 Rb2 43.a5 b3 44.Kc4 Ra2 45.Kxb3 Ra1 46.Kb4 Kh6 47.
Kc5 Ra3 48.Kb6 Rxe3 49.a6 Re6+ 50.Kb7 Re7+ 51.Kb8 Re8+ 52.Kc7 Re7+ 53.Kb6 
Re6+ 54.Ka5 Re7 55.Rb7 Re1 56.Rb4 Re7 57.Kb6 Re6+ 58.Kb5 g5 59.a7 Re8 60.
Kc6 Ra8 61.Kb7 Re8 62.a8=Q Rxa8 63.Kxa8 gxf4 64.Rxf4 Kg5 65.Rf1 f4 66.Kb7 
Kf5 67.Kc6 Ke4 68.Re1+ Kd3 69.Rf1 Ke3 70.Re1+ Kd3 71.Rf1 Ke3 72.Kd5 f3 73.
Re1+ Kd3 74.Ra1 f2 75.Ke5 Ke2 76.Ke4 f1=Q 77.Rxf1 Kxf1 1/2-1/2

[Event "Visma Chess GM"]
[Site "Vaxjo"]
[Date "2015.06.24"]
[Round "1"]
[White "Fernandez, Daniel H"]
[Black "Johansson, Linus"]
[Result "1-0"]
[WhiteElo "2447"]
[BlackElo "2391"]

1.b3 Nf6 2.Bb2 g6 3.Nf3 Bg7 4.e3 O-O 5.c4 c5 6.Be2 b6 7.d4 Bb7 8.O-O Na6 
9.Nc3 d5 10.Rc1 Rc8 11.Nb5 Nc7 12.dxc5 Nxb5 13.c6 Rxc6 14.cxb5 Rxc1 15.
Qxc1 Ne4 16.Bxg7 Kxg7 17.Qb2+ Kg8 18.Rc1 Qd6 19.h4 Rc8 20.Rxc8+ Bxc8 21.
Bd3 Bd7 22.Qd4 Qc5 23.Bxe4 dxe4 24.Qxd7 Qc1+ 25.Kh2 exf3 26.Qxa7 Kg7 27.
Qxe7 Qf1 28.Qe5+ Kg8 29.Qg3 fxg2 30.Qxg2 Qxb5 31.Qg4 Qa5 32.a4 Qd5 33.b4 
Qc6 34.Qf4 Qa8 35.Qf6 Qb8+ 36.Kg1 Qc7 37.h5 gxh5 38.Qg5+ Kf8 39.Qxh5 Qc1+ 
40.Kg2 Qc6+ 41.f3 Qc2+ 42.Kg3 Qc7+ 43.f4 Qd6 44.a5 Qxb4 45.Qh6+ Ke7 46.
Qxb6 Qe1+ 47.Kf3 Qf1+ 48.Ke4 Qc4+ 49.Qd4 Qc6+ 50.Qd5 f5+ 51.Kd4 Qa4+ 52.
Ke5 Qc2 53.Qe6+ Kd8 54.Qg8+ Ke7 55.Qxh7+ Ke8 56.Qxf5 Qc7+ 57.Kd4 Qd6+ 58.
Ke4 Qc6+ 59.Qd5 Qg6+ 60.Kf3 Qb1 61.Qe4+ 1-0

[Event "Visma Chess IM A"]
[Site "Vaxjo"]
[Date "2015.06.24"]
[Round "1"]
[White "Milchev, Nikolay"]
[Black "Lindgren, Philip"]
[Result "0-1"]
[WhiteElo "2395"]
[BlackElo "2374"]

1.Nf3 d5 2.c4 c6 3.cxd5 cxd5 4.d4 Nf6 5.Nc3 Nc6 6.Bf4 Bf5 7.e3 e6 8.Qb3 
Bb4 9.Ne5 Bxc3+ 10.bxc3 Nxe5 11.Bxe5 O-O 12.Qxb7 Rc8 13.Qxa7 Ne4 14.a4 
Nxc3 15.a5 Nb1 16.f3 Rc1+ 17.Kf2 Qc8 18.g4 Bg6 19.Ra2 Qc3 20.Bg2 Rxh1 21.
Bxh1 Qc1 22.Qc5 Nc3 23.Ra3 Qd2+ 24.Kg3 Ne2+ 25.Kh3 Qe1 26.Qb5 Qf1+ 27.Kh4 
Qf2+ 28.Bg3 Nxg3 0-1

[Event "Visma Chess IM A"]
[Site "Vaxjo"]
[Date "2015.06.24"]
[Round "1"]
[White "Shkuran, Daniil"]
[Black "Cederstam Barsk, Carl"]
[Result "1-0"]
[WhiteElo "2389"]
[BlackElo "2336"]

1.e4 c5 2.Nf3 e6 3.d4 cxd4 4.Nxd4 Nc6 5.Nc3 Qc7 6.g3 a6 7.Bg2 Nf6 8.O-O 
Nxd4 9.Qxd4 Bc5 10.Qd1 h6 11.Kh1 d6 12.f4 Bd7 13.a4 Rd8 14.Qe2 Bd4 15.Bd2 
b5 16.Qd3 Qc4 17.axb5 Qxd3 18.cxd3 axb5 19.Ne2 Bb6 20.Ra6 Rb8 21.e5 dxe5 
22.fxe5 Ng4 23.d4 h5 24.Bb4 Bc8 25.Ra3 Bd7 26.Ra6 Bc8 27.Bc6+ Kd8 28.Ra3 
Nh6 29.d5 exd5 30.Bxd5 Re8 31.Rd1 Rxe5 32.Bf3+ Bd7 33.Rad3 Ng4 34.Rxd7+ 
Kc8 35.Bxg4 hxg4 36.R7d2 Re4 37.Rc1+ Rc4 38.Rxc4+ bxc4 39.Rc2 Kb7 40.Rxc4 
Re8 41.Rc2 Re3 42.Kg2 g5 43.Be1 Rf3 44.Nc3 f5 45.h3 Re3 46.Bf2 gxh3+ 47.
Kxh3 Rd3 48.Bxb6 Kxb6 49.Kg2 f4 50.gxf4 gxf4 51.Rf2 Rg3+ 52.Kh2 Kc6 53.
Rxf4 Rd3 54.Kg2 Rd2+ 55.Rf2 Rd3 56.Kf1 Kc5 57.Rf4 Re3 58.b4+ Kd6 59.Rc4 
Re8 60.Kf2 Re7 61.Kf3 Re1 62.Kf4 Re7 63.Re4 Rh7 64.Ke3 Rh2 65.Kd4 Rh5 66.
Rg4 Kc7 67.Kc4 Kc6 68.Rg6+ Kb7 69.b5 1-0

[Event "Visma Chess IM A"]
[Site "Vaxjo"]
[Date "2015.06.24"]
[Round "1"]
[White "Frisk, Ellinor"]
[Black "Carstensen, Jacob"]
[Result "0-1"]
[WhiteElo "2249"]
[BlackElo "2358"]

1.d4 d5 2.c4 e6 3.Nc3 c6 4.e3 Nf6 5.Nf3 Nbd7 6.Bd3 dxc4 7.Bxc4 b5 8.Bd3 a6
9.a4 b4 10.Ne4 Bb7 11.Nxf6+ Nxf6 12.O-O c5 13.Qe2 Qc7 14.dxc5 Qxc5 15.e4 
Be7 16.Bg5 O-O 17.Rac1 Qa5 18.Rfe1 h6 19.Bh4 Rfe8 20.e5 Nd7 21.Bxe7 Rxe7 
22.Be4 Nb6 23.Nd2 Bd5 24.b3 Rd7 25.Qe3 Rc8 26.Rxc8+ Nxc8 27.Bxd5 Rxd5 28.
Nc4 Qd8 29.h3 a5 30.Qe4 Qc7 31.Qe2 Ne7 32.Qe3 Nf5 33.Qb6 Qxb6 34.Nxb6 Rd3 
35.Nc4 Rxb3 36.Nxa5 Ra3 37.Rb1 Rxa4 38.Nc6 Ra6 39.Nxb4 Rb6 40.Rb2 Rb5 41.
Nd3 Rd5 42.Rb3 Nd4 43.Ra3 g5 44.Kf1 Nc6 45.Ke2 Kg7 46.g4 Nxe5 47.Nxe5 
Rxe5+ 48.Kf3 Kg6 49.Kg3 h5 50.f4 h4+ 51.Kf3 gxf4 52.Kxf4 Re2 53.Kf3 Rh2 
54.Ke4 Rh1 55.Rb3 f6 56.Ra3 Kg5 57.Ra5+ e5 58.Ra3 Rg1 59.Ra8 Re1+ 60.Kf3 
Rf1+ 61.Ke3 Re1+ 62.Kf2 Rb1 63.Rh8 Rb2+ 64.Ke1 e4 65.Rh5+ Kf4 66.Rxh4 Ke3 
67.Kd1 Kd3 68.Kc1 Rc2+ 69.Kb1 e3 70.Rh8 Rc5 71.Rd8+ Ke4 72.Rd1 e2 73.Rh1 
Kd3 0-1

[Event "Visma Chess IM A"]
[Site "Vaxjo"]
[Date "2015.06.24"]
[Round "1"]
[White "Livner, Anders"]
[Black "Rydstrom, Tom"]
[Result "1-0"]
[WhiteElo "2347"]
[BlackElo "2279"]

1.d4 Nf6 2.c4 e6 3.Nc3 Bb4 4.Qc2 c5 5.dxc5 Na6 6.a3 Bxc3+ 7.Qxc3 Nxc5 8.b4
Nce4 9.Qd4 d5 10.cxd5 exd5 11.e3 O-O 12.Bb2 Re8 13.Nf3 Bg4 14.Ne5 Bh5 15.
h3 Rc8 16.Bd3 a6 17.O-O Bg6 18.Rad1 Nd6 19.Ng4 Bxd3 20.Nxf6+ gxf6 21.Rxd3 
Re5 22.Qh4 Rg5 23.Qf4 Rf5 24.Qg4+ Rg5 25.Qd1 Ne4 26.f4 Rg3 27.Rxd5 Qb6 28.
Rd4 Re8 29.Rf3 Rg6 30.Qc2 f5 31.Kh2 h6 32.Rd5 Kh7 33.Rxf5 Nd6 34.Rf6 Rc8 
35.Qd3 Qc6 36.Rg3 Rg8 37.Rgxg6 Rxg6 38.Rxg6 fxg6 39.Qd4 1-0

[Event "Visma Chess IM A"]
[Site "Vaxjo"]
[Date "2015.06.24"]
[Round "1"]
[White "Pettersson, Anders"]
[Black "Kvisvik, Brede Alexander"]
[Result "1/2-1/2"]
[WhiteElo "2310"]
[BlackElo "2293"]

1.d4 d5 2.c4 dxc4 3.Nf3 a6 4.e3 b5 5.a4 Bb7 6.b3 Nf6 7.bxc4 bxc4 8.Ba3 e6 
9.Bxf8 Kxf8 10.Bxc4 c5 11.O-O Nbd7 12.Nbd2 g6 13.Qb3 Rb8 14.Qa3 Qe7 15.Qd3
cxd4 16.exd4 Qd6 17.a5 Kg7 18.Rfb1 Rhd8 19.Rb3 Bd5 20.Rxb8 Bxc4 21.Nxc4 
Qxb8 22.Rb1 Qf4 23.Qe2 Qe4 24.Qf1 Rb8 25.Rxb8 Nxb8 26.Nce5 h6 27.h3 Qd5 
28.Qa1 Nc6 29.Qc3 Nxe5 30.Nxe5 Qb7 31.Qc6 Qb1+ 32.Kh2 Qf5 33.Qxa6 Qxf2 34.
Qd3 Qf4+ 35.Kg1 Qc1+ 36.Kh2 Qf4+ 37.Kg1 Qc1+ 38.Kf2 Qf4+ 39.Kg1 Qc1+ 40.
Kh2 Qf4+ 41.Kg1 1/2-1/2

[Event "Visma Chess IM B"]
[Site "Vaxjo"]
[Date "2015.06.24"]
[Round "1"]
[White "Fries-Nielsen, Jens Ove"]
[Black "Rahul Kumar, Pune"]
[Result "1-0"]
[WhiteElo "2442"]
[BlackElo "2138"]

1.e3 Nf6 2.g4 h6 3.h4 d5 4.Bh3 g5 5.Nc3 Nc6 6.d4 Be6 7.f3 gxh4 8.Nge2 Rg8 
9.Nf4 Qd6 10.Bd2 a6 11.Nxe6 fxe6 12.f4 Na7 13.Qe2 Qc6 14.g5 Ne4 15.Qh5+ 
Kd8 16.Nxe4 dxe4 17.Qf7 Rh8 18.g6 1-0

[Event "Visma Chess IM B"]
[Site "Vaxjo"]
[Date "2015.06.24"]
[Round "1"]
[White "Pohjala, Henri"]
[Black "Andersson, Tommy"]
[Result "1-0"]
[WhiteElo "2404"]
[BlackElo "2400"]

1.d4 g6 2.g3 Bg7 3.Bg2 Nf6 4.e3 O-O 5.c4 d5 6.cxd5 Nxd5 7.Ne2 c5 8.O-O 
cxd4 9.Nxd4 Nc6 10.Nc3 Ndb4 11.a3 Nxd4 12.axb4 Nc6 13.b5 Ne5 14.Qa4 e6 15.
Rd1 Qc7 16.Bd2 Bd7 17.Be1 a6 18.Qe4 Rab8 19.Rac1 Rfc8 20.Ne2 Qd8 21.Rxc8 
Qxc8 22.Rc1 Qd8 23.bxa6 bxa6 24.b4 Bb5 25.Qc2 Qd3 26.Nd4 Bd7 27.Bf1 Qa3 
28.Rb1 Rc8 29.Qe2 Rc4 30.Qd1 Rxd4 31.exd4 Nf3+ 32.Kh1 Nxd4 33.Bg2 Bb5 34.
Qc1 Qd3 35.Qc8+ Bf8 36.Rc1 Qe2 37.Bc3 Nb3 38.Re1 Qxf2 39.Qd8 e5 40.Qb8 f6 
41.Qc7 Nd2 42.Bxd2 Qxd2 43.Rc1 Bxb4 44.Qc8+ Kg7 45.Rc7+ Kh6 46.Qh3+ Kg5 
47.Qh4+ Kf5 48.Bh3# 1-0

[Event "Visma Chess IM B"]
[Site "Vaxjo"]
[Date "2015.06.24"]
[Round "1"]
[White "Bellon Lopez, Juan Manuel"]
[Black "Von Bahr, Oskar"]
[Result "1-0"]
[WhiteElo "2374"]
[BlackElo "2381"]

1.d4 Nf6 2.c4 g6 3.Nc3 d5 4.cxd5 Nxd5 5.Na4 Bg7 6.e4 Nb6 7.Be3 O-O 8.Nf3 
Bg4 9.Be2 Nc6 10.d5 Ne5 11.Nxe5 Bxe2 12.Qxe2 Nxa4 13.f4 Qd6 14.Qb5 Qa6 15.
Qxa6 bxa6 16.O-O-O f5 17.exf5 Rxf5 18.g4 Rff8 19.h4 Rad8 20.Rh2 Nb6 21.Nc6
Rd7 22.Rc2 Re8 23.Bc5 Kf7 24.Bxb6 axb6 25.Ne5+ Bxe5 26.fxe5 e6 27.d6 cxd6 
28.Rxd6 Rxd6 29.Rc7+ Rd7 30.Rxd7+ Re7 31.Rd6 Rc7+ 32.Kd2 Rc4 33.Rxb6 Rxg4 
34.Rxa6 Rxh4 35.Ra7+ Ke8 36.a4 g5 37.a5 Kd8 38.a6 Ra4 39.b4 Rxb4 40.Rxh7 
Ra4 41.a7 Kc8 42.Ke3 Ra3+ 43.Ke4 1-0

[Event "Visma Chess GM"]
[Site "Vaxjo"]
[Date "2015.06.25"]
[Round "2"]
[White "Fernandez, Daniel H"]
[Black "Solodovnichenko, Yuri"]
[Result "1-0"]
[WhiteElo "2447"]
[BlackElo "2587"]

1.c4 Nf6 2.g3 c6 3.Nf3 d5 4.Qc2 Bg4 5.Bg2 Nbd7 6.h3 Bxf3 7.Bxf3 Ne5 8.d3 
Nxf3+ 9.exf3 Qd7 10.Kf1 g6 11.Kg2 Bg7 12.Re1 O-O 13.Nc3 b5 14.Bg5 bxc4 15.
dxc4 e6 16.Rad1 Qb7 17.Na4 Nd7 18.b3 Rac8 19.Qd2 Rfe8 20.Bh6 Bh8 21.Qa5 f5
22.Be3 a6 23.h4 h5 24.Re2 Kf7 25.Nc5 Nxc5 26.Qxc5 Rcd8 27.Bh6 e5 28.cxd5 
cxd5 29.Rc1 Rc8 30.Qd6 Rxc1 31.Bxc1 Re6 32.Qc5 d4 33.Bh6 Qb8 34.Rc2 d3 35.
Rc4 Bg7 36.Bxg7 Kxg7 37.Rb4 Qd8 38.Rb7+ Kf6 39.Qe3 f4 40.gxf4 d2 41.f5 
Kxf5 42.Rf7+ Rf6 43.Rxf6+ Qxf6 44.Qxd2 Qxh4 45.Qd3+ e4 46.Qd5+ Kf4 47.
Qxe4+ Kg5 48.Qe7+ 1-0

[Event "Visma Chess GM"]
[Site "Vaxjo"]
[Date "2015.06.25"]
[Round "2"]
[White "Smith, Axel"]
[Black "Berg, Emanuel"]
[Result "0-1"]
[WhiteElo "2452"]
[BlackElo "2558"]

1.d4 Nf6 2.c4 g6 3.Nc3 Bg7 4.e4 d6 5.Be2 O-O 6.Nf3 Nbd7 7.O-O e5 8.Be3 Qe7
9.Qc2 c6 10.Rad1 h6 11.dxe5 dxe5 12.h3 Re8 13.Rd2 Nh5 14.Rfd1 Nf4 15.Bf1 
Nf8 16.c5 N8e6 17.g3 Ng5 18.Nxg5 hxg5 19.Kh2 Bf6 20.Ne2 Kg7 21.gxf4 gxf4 
22.Nxf4 exf4 23.Bxf4 Qxe4 24.Qxe4 Rxe4 25.Bg3 Be6 26.b3 Rh8 27.Bg2 Rb4 28.
Re2 Rh5 29.Rde1 Rd4 30.Bd6 a5 31.Re4 Rd2 32.R1e2 Rd3 33.R2e3 Rxe3 34.fxe3 
Bc3 35.Kg3 Rg5+ 36.Kf3 Bd5 0-1

[Event "Visma Chess GM"]
[Site "Vaxjo"]
[Date "2015.06.25"]
[Round "2"]
[White "Rusev, Krasimir"]
[Black "Westerberg, Jonathan"]
[Result "1-0"]
[WhiteElo "2541"]
[BlackElo "2443"]

1.Nf3 d5 2.e3 Nf6 3.c4 e6 4.b3 c5 5.Bb2 Nc6 6.cxd5 Qxd5 7.Nc3 Qd8 8.Rc1 b6
9.Bb5 Bd7 10.Qe2 Be7 11.O-O O-O 12.Rfd1 a6 13.Bd3 Qb8 14.Bb1 Rd8 15.Ne4 
Nd5 16.a3 Be8 17.Ng3 Nf6 18.Qc4 Nd7 19.d4 cxd4 20.exd4 Nf8 21.d5 Rxd5 22.
Rxd5 exd5 23.Qxd5 Qd8 24.Be4 Rc8 25.Qxd8 Bxd8 26.Nf5 Na7 27.Rxc8 Nxc8 28.
Bxg7 Ne6 29.Bb2 Nc5 30.Bc2 h5 31.Ng7 Bc6 32.Nd4 Kxg7 33.Nxc6+ Bf6 34.Bc1 
Nd6 35.f3 Nb5 36.Kf2 Nd4 37.Nxd4 Bxd4+ 38.Kg3 Bf6 39.Be3 a5 40.Kf4 Bb2 41.
Kg5 Bxa3 42.Kxh5 Bb2 43.Kg4 Nd7 44.Kf5 b5 45.h4 Nf6 46.g4 Nd5 47.Bd2 Bc3 
48.Bc1 Nb4 49.Be4 a4 50.bxa4 bxa4 51.h5 Na2 52.h6+ Kh8 53.Bf4 a3 54.Bd5 
Nb4 55.Bxf7 a2 56.Bxa2 Nxa2 57.g5 Nb4 58.g6 Nc6 59.Bd6 Kg8 60.f4 Nd4+ 61.
Ke4 Nc6 62.Kd5 Nd4 63.h7+ 1-0

[Event "Visma Chess GM"]
[Site "Vaxjo"]
[Date "2015.06.25"]
[Round "2"]
[White "Tari, Aryan"]
[Black "Svane, Rasmus"]
[Result "1/2-1/2"]
[WhiteElo "2521"]
[BlackElo "2520"]

1.c4 c6 2.d4 d5 3.Nf3 Nf6 4.Nc3 dxc4 5.a4 Bf5 6.e3 e6 7.Bxc4 Bb4 8.O-O O-O
9.Qe2 Nbd7 10.e4 Bg6 11.Bd3 Bh5 12.e5 Nd5 13.Nxd5 cxd5 14.Qe3 Bg6 15.Ng5 
Re8 16.Qh3 Nf8 17.Bxg6 fxg6 18.Qb3 a5 19.h4 Rc8 20.Be3 Re7 21.Rac1 Rec7 
22.Rxc7 Rxc7 23.Rc1 Rxc1+ 24.Bxc1 h6 25.Nf3 Qc7 26.Be3 Qf7 27.Qc2 Qf5 28.
Qc7 Qb1+ 29.Kh2 Qxb2 30.Qxb7 Qc2 31.Qb5 Qc4 32.Qxc4 dxc4 33.Nd2 c3 34.Nc4 
Kf7 35.Kg3 Nd7 36.Kf3 Nb8 37.Ke4 Nc6 38.Nb6 Ba3 39.Kd3 Bb4 40.f4 Ne7 41.
Bf2 Ke8 42.Nc4 Nd5 43.g3 Kd7 44.Kc2 h5 45.Be1 Kc6 46.Kd3 1/2-1/2

[Event "Visma Chess GM"]
[Site "Vaxjo"]
[Date "2015.06.25"]
[Round "2"]
[White "Johansson, Linus"]
[Black "Ochsner, Bjorn Moller"]
[Result "1/2-1/2"]
[WhiteElo "2391"]
[BlackElo "2413"]

1.d4 Nf6 2.Nf3 g6 3.c4 Bg7 4.Nc3 O-O 5.Bg5 c5 6.d5 d6 7.e3 h6 8.Bh4 g5 9.
Bg3 Nh5 10.Bd3 f5 11.Nd2 Qe8 12.Qc2 Qg6 13.f3 Nxg3 14.hxg3 Nd7 15.g4 Ne5 
16.Bxf5 Bxf5 17.gxf5 Qxf5 18.Qxf5 Rxf5 19.Ke2 Nd7 20.Nce4 b5 21.g4 Rf7 22.
cxb5 Bxb2 23.Rad1 Bg7 24.Ng3 Rb8 25.Nf5 Rxb5 26.Rb1 Ra5 27.Nc4 Rxa2+ 28.
Kd3 Bf8 29.Ra1 Rf2 30.Rhf1 Rxf1 31.Rxf1 h5 32.e4 hxg4 33.fxg4 Rh7 34.Ra1 
Nf6 35.Rxa7 Nxg4 36.e5 dxe5 37.Ke4 e6 38.Rxh7 exd5+ 39.Kxd5 Kxh7 40.Ke4 
Kg6 41.Ng3 Bg7 42.Kd5 Bf8 43.Ke4 Kf6 44.Kf3 Nh6 45.Ne4+ Kf5 46.Ne3+ Kg6 
47.Ng3 Bd6 48.Nc4 Bb8 49.Ne4 g4+ 50.Kg3 Kf5 51.Nxc5 e4+ 52.Kg2 Bf4 53.Na4 
Nf7 54.Nc3 Nd6 55.Nb6 Bd2 56.Ne2 e3 57.Ng3+ Kf4 58.Nd7 Nf5 59.Ne2+ Kg5 60.
Ne5 Nh4+ 61.Kf1 Nf3 62.Nf7+ Kh4 63.Kg2 Ne1+ 64.Kf1 g3 65.Ne5 Kh3 66.Kg1 
Ng2 67.Nf3 Nh4 68.Nxh4 Kxh4 69.Kg2 Kg4 70.Nxg3 Be1 71.Ne2 Bh4 72.Kf1 Bf6 
73.Ng1 e2+ 1/2-1/2

[Event "Visma Chess IM A"]
[Site "Vaxjo"]
[Date "2015.06.25"]
[Round "2"]
[White "Frisk, Ellinor"]
[Black "Milchev, Nikolay"]
[Result "1/2-1/2"]
[WhiteElo "2249"]
[BlackElo "2395"]

1.d4 d5 2.c4 dxc4 3.e3 b5 4.a4 b4 5.Bxc4 e6 6.Nf3 Nf6 7.O-O Bb7 8.Nbd2 Be7
9.Qe2 O-O 10.e4 c5 11.dxc5 Nbd7 12.e5 Nd5 13.Ne4 Nxc5 14.Nxc5 Bxc5 15.Bd3 
Be7 16.Qe4 g6 17.Bh6 Re8 18.Bb5 Qb6 19.Bxe8 Rxe8 20.a5 Qa6 21.Qc2 Rc8 22.
Qb3 Rc5 23.Nd2 Qe2 24.Rfe1 Qh5 25.Be3 Nxe3 26.Qxe3 Rc2 27.Qxa7 Bxg2 28.
Kxg2 Qg4+ 29.Kh1 Rxd2 30.Qa8+ Kg7 31.Qe4 Qh5 32.Kg1 Bc5 33.Re3 Bxe3 34.
Qxe3 Re2 35.Qg3 Rxe5 36.a6 Ra5 37.Rxa5 Qxa5 38.Qd6 b3 39.Qc6 e5 40.Qb7 e4 
41.a7 Qg5+ 42.Kf1 Qc1+ 43.Kg2 Qg5+ 44.Kf1 Qc1+ 45.Kg2 Qg5+ 46.Kf1 Qc1+ 
1/2-1/2

[Event "Visma Chess IM A"]
[Site "Vaxjo"]
[Date "2015.06.25"]
[Round "2"]
[White "Kvisvik, Brede Alexander"]
[Black "Shkuran, Daniil"]
[Result "1/2-1/2"]
[WhiteElo "2293"]
[BlackElo "2389"]

1.d4 Nf6 2.c4 g6 3.Nc3 Bg7 4.e4 d6 5.Nf3 O-O 6.Be2 Nbd7 7.O-O e5 8.Qc2 c6 
9.d5 c5 10.g3 h6 11.Nh4 Nh7 12.Be3 Ndf6 13.f3 Nh5 14.Rfe1 Nf4 15.Bf1 Bf6 
16.Ng2 Nh3+ 17.Kh1 h5 18.Rab1 Kg7 19.b4 b6 20.bxc5 bxc5 21.Rb3 Rh8 22.Reb1
h4 23.g4 Bg5 24.Ne2 Qf6 25.Ng1 Bxe3 26.Nxe3 Nxg1 27.Kxg1 Ng5 28.Be2 Bd7 
29.Qc3 Rhd8 30.Kg2 h3+ 31.Kg1 Kg8 32.Nf1 Nh7 33.Rb7 Bc8 34.R7b2 Qh4 35.Ng3
Rf8 36.Bd3 Ng5 37.Bc2 Ba6 38.Ba4 Kh7 39.Bb5 Bxb5 40.Rxb5 f5 41.Rb7+ Kh8 
42.exf5 gxf5 43.f4 Ne4 44.Nxe4 fxe4 45.Qg3 Qxg3+ 46.hxg3 exf4 47.gxf4 Rxf4
48.Kh2 Rxg4 49.R1b3 Rh4 50.Re7 Rf8 51.Rxh3 Rf2+ 52.Kg3 Rxh3+ 53.Kxh3 Rxa2 
54.Rxe4 Kg7 55.Re6 Ra6 56.Kg4 Kf7 57.Kf5 Rb6 58.Rh6 Kg7 59.Rg6+ Kf7 60.Rh6
Kg7 1/2-1/2

[Event "Visma Chess IM A"]
[Site "Vaxjo"]
[Date "2015.06.25"]
[Round "2"]
[White "Lindgren, Philip"]
[Black "Livner, Anders"]
[Result "1-0"]
[WhiteElo "2374"]
[BlackElo "2347"]

1.d4 d5 2.c4 c6 3.Nf3 Nf6 4.Nc3 e6 5.Bg5 Nbd7 6.e3 Qa5 7.Nd2 dxc4 8.Bxf6 
Nxf6 9.Nxc4 Qc7 10.Be2 Bd7 11.Bf3 c5 12.d5 exd5 13.Nxd5 Nxd5 14.Bxd5 O-O-O
15.O-O Kb8 16.Qf3 f5 17.Rfd1 Bc8 18.a4 g5 19.Ra3 g4 20.Qe2 h5 21.a5 Rh6 
22.g3 h4 23.Bg2 Be7 24.Rxd8 Bxd8 25.Rd3 Be7 26.Qd2 Re6 27.Rd5 Rf6 28.Ne5 
Rd6 29.gxh4 Rxd5 30.Qxd5 Qxa5 31.Ng6 Qc7 32.Nxe7 Qxe7 33.h5 Qf6 34.Qxc5 
Bd7 35.Qd4 Qxd4 36.exd4 Be6 37.h6 Bg8 38.Bd5 Bh7 39.Kg2 Kc7 40.Kg3 b6 41.
Kf4 Kd6 42.Bc4 a5 43.Bd3 Ke6 44.d5+ Kf6 45.d6 1-0

[Event "Visma Chess IM A"]
[Site "Vaxjo"]
[Date "2015.06.25"]
[Round "2"]
[White "Carstensen, Jacob"]
[Black "Cederstam Barsk, Carl"]
[Result "1/2-1/2"]
[WhiteElo "2358"]
[BlackElo "2336"]

1.d4 d5 2.c4 dxc4 3.Nf3 a6 4.e3 b5 5.a4 Bb7 6.b3 e6 7.bxc4 bxc4 8.Bxc4 Nf6
9.O-O Nbd7 10.a5 Be7 11.Ba3 O-O 12.Nbd2 Bxa3 13.Rxa3 c5 14.Qe2 cxd4 15.
exd4 Bd5 16.Ne5 Qe7 17.Rb3 Rfb8 18.Bxd5 exd5 19.Rxb8+ Nxb8 20.Ndf3 Nc6 21.
Qd2 Rc8 22.Nxc6 Rxc6 23.Ne5 Rc8 24.Rc1 Qb7 25.Rxc8+ Qxc8 26.Qb2 h6 27.h3 
Nd7 28.Nxd7 Qxd7 29.Qb6 Qc8 30.Kh2 Qc4 31.Qb8+ Kh7 32.Qb6 Kg8 33.Qb8+ Kh7 
34.Qb6 Kg8 35.Qb8+ Kh7 1/2-1/2

[Event "Visma Chess IM A"]
[Site "Vaxjo"]
[Date "2015.06.25"]
[Round "2"]
[White "Rydstrom, Tom"]
[Black "Pettersson, Anders"]
[Result "1/2-1/2"]
[WhiteElo "2282"]
[BlackElo "2310"]

1.e4 c5 2.Nf3 Nc6 3.d4 cxd4 4.Nxd4 g6 5.Be3 Bg7 6.Nc3 Nf6 7.f3 O-O 8.Nb3 
d5 9.exd5 Nb4 10.Bc4 Qc7 11.Bc5 Qe5+ 12.Be2 Nbxd5 13.Nxd5 Nxd5 14.Bd4 Qg5 
15.Bxg7 Ne3 16.Qd2 Nxg2+ 17.Kf2 Nf4 18.Bxf8 Qh4+ 19.Kf1 Bh3+ 20.Kg1 Qg5+ 
21.Kf2 Qh4+ 22.Kg1 Qg5+ 23.Kf2 Qh4+ 24.Kg1 Qg5+ 25.Kf2 Qh4+ 1/2-1/2

[Event "Visma Chess IM B"]
[Site "Vaxjo"]
[Date "2015.06.25"]
[Round "2"]
[White "Fries-Nielsen, Jens Ove"]
[Black "Olofsson-Dolk, Mattis"]
[Result "0-1"]
[WhiteElo "2442"]
[BlackElo "2238"]

1.d4 Nf6 2.c4 g6 3.b4 Bg7 4.Bb2 d5 5.cxd5 Nxd5 6.a3 O-O 7.Nf3 a5 8.b5 c5 
9.e3 Bg4 10.Be2 Nd7 11.h3 Bxf3 12.Bxf3 e6 13.O-O Rc8 14.Ra2 cxd4 15.Bxd5 
exd5 16.Bxd4 Bxd4 17.Qxd4 Nb6 18.Nd2 Qc7 19.Nf3 Qc4 20.Qa1 Qc3 21.Qd1 Rfd8
22.Nd4 Nc4 23.a4 Ne5 24.Rc2 Qd3 25.Rd2 Qc4 26.f4 Nd7 27.f5 Ne5 28.Qe1 Qc3 
29.Qf2 Nd3 30.Rxd3 Qxd3 31.fxg6 Qxg6 32.Nf5 Re8 33.Qb2 f6 34.Rf3 Kh8 35.
Kh2 Re5 36.Qf2 Rf8 37.b6 Re6 38.Rg3 Qe8 39.Qf4 Qb8 40.Qd4 Rg8 41.Qxd5 Rxg3
42.Qxe6 Rxe3+ 43.Qd6 Qxd6+ 44.Nxd6 Ra3 45.Nxb7 Rxa4 46.Nc5 Rb4 47.b7 Kg8 
48.g4 Kf7 49.h4 Ke7 50.h5 Kd6 51.Ne4+ Ke5 52.Nc5 Kd5 53.Nd7 Rxb7 54.Nxf6+ 
Ke5 0-1

[Event "Visma Chess IM B"]
[Site "Vaxjo"]
[Date "2015.06.25"]
[Round "2"]
[White "Drugge, Patrick"]
[Black "Pohjala, Henri"]
[Result "1-0"]
[WhiteElo "2175"]
[BlackElo "2404"]

1.e4 d5 2.exd5 Qxd5 3.Nc3 Qd6 4.d4 Nf6 5.Nf3 c6 6.Ne5 Nbd7 7.Nc4 Qc7 8.Qf3
Nb6 9.Bf4 Qd7 10.Rd1 Qg4 11.Qxg4 Bxg4 12.f3 Bf5 13.Ne3 Nbd5 14.Ncxd5 Nxd5 
15.Nxf5 Nxf4 16.g3 Nd5 17.c4 Nb6 18.f4 e6 19.Ne3 O-O-O 20.b3 g6 21.Ng4 
Bb4+ 22.Ke2 Bc3 23.Ne5 Rhf8 24.Nf3 c5 25.dxc5 Rxd1 26.Kxd1 Nd7 27.c6 bxc6 
28.Ng5 h6 29.Ne4 Bg7 30.Bg2 Kc7 31.Kc2 f5 32.Nc3 e5 33.fxe5 Nxe5 34.Re1 f4
35.gxf4 Rxf4 36.Re2 h5 37.Ne4 Kd7 38.Nc5+ Kd6 39.Nb7+ Kc7 40.Nc5 Rf6 41.
Bh3 Bh8 42.Ne6+ Kd6 43.c5+ Kd5 44.Rd2+ Ke4 45.Re2+ Kf3 46.Rxe5 Kf2 47.Ng5 
Rf4 48.Re6 Kg1 49.Rxc6 Bf6 50.Ne4 Be5 51.Rxg6+ Kxh2 52.Bg2 Rg4 53.Rxg4 
hxg4 54.Bf1 g3 55.Kd3 Kg1 56.Be2 Kh2 57.Bf3 1-0

[Event "Visma Chess IM B"]
[Site "Vaxjo"]
[Date "2015.06.25"]
[Round "2"]
[White "Andersson, Tommy"]
[Black "Bellon Lopez, Juan Manuel"]
[Result "1/2-1/2"]
[WhiteElo "2400"]
[BlackElo "2374"]

1.d4 d5 2.Nf3 c6 3.g3 Nf6 4.Bg2 Bf5 5.O-O e6 6.b3 Nbd7 7.Bb2 Be7 8.c4 O-O 
9.Nc3 Ne4 10.Nd2 Nxd2 11.Qxd2 Nf6 12.Rad1 a5 13.f3 Bg6 14.e4 dxe4 15.fxe4 
e5 16.d5 Bc5+ 17.Kh1 Bd4 18.Rde1 Qe7 19.h3 Rfe8 20.Kh2 h5 21.Bf3 Nh7 22.
Nd1 c5 23.a4 h4 24.Bc1 hxg3+ 25.Kxg3 Ra6 26.Nc3 Nf6 27.Nb5 Nh5+ 28.Bxh5 
Bxh5 29.d6 Rxd6 30.Nxd6 Qxd6 31.Qxa5 Bg6 32.Qb5 Re7 33.a5 Bc3 34.Rd1 Bd4 
35.Rde1 Bc3 36.Rd1 Bd4 37.Rde1 Bc3 38.Rd1 Bd4 39.Rde1 Bc3 40.Rd1 Bd4 
1/2-1/2